000 00532nam a2200193Ia 4500
999 _c2589
_d2589
003 OSt
005 20200817100254.0
008 190216s9999||||xx |||||||||||||| ||und||
020 _a0412155206
040 _coclc
082 _a547.2
_bNOR/P
100 _aNorman, Richard
_94061
245 0 _aPrinciples Of Organic Synthesis /
_cRichard Norman
250 _a2nd Ed.
260 _bChapman And Hall,
_c1969.
_aLondon:
300 _a800p
650 _aChemistry
942 _cBK
_2ddc
_h547.2
_iNOR/P
_k547.2
_mNOR/P